[Event "Caorle op"]
[Site "Caorle"]
[Date "1982.??.??"]
[Round "7"]
[White "Dierich, Jochen"]
[Black "Krstev, Krum"]
[Result "1/2-1/2"]
[WhiteElo "2200"]
[BlackElo "2215"]

1.Nf3 d5 2.g3 c5 3.Bg2 Nc6 4.d3 e5 5.Nbd2 Nf6 6.e4 d4 7.O-O Be7 8.a4 O-O
9.Nc4 Qc7 10.Bd2 Be6 11.Na3 a6 12.b3 Ne8 13.Ng5 Bd7 14.f4 Bxg5 15.fxg5 Nd6
16.Qh5 b5 17.axb5 g6 18.Qf3 Nb4 19.bxa6 Rxa6 20.Bxb4 cxb4 21.Nc4 Nxc4 22.dxc4 Ra3
23.Rad1 Be6 24.Rd3 Ra2 25.Qf2 Rfa8 26.h4 Rb2 27.Bf3 Qc6 28.h5 Raa2 29.Rd2 Qd6
30.h6 Qe7 31.Rfd1 Qxg5 32.Rxd4 exd4 33.Qxd4 Qxh6 34.Qd8+ Kg7 35.Qd4+ f6 36.Qc5 Qg5
37.Rd7+ Bf7 38.Rxf7+ Kxf7 39.Qc7+ Ke6 40.Qc6+ Kf7 41.Qd7+ Kg8 42.Qe8+ Kg7
43.Qe7+ Kg8  1/2-1/2

[Event "Midwest Masters"]
[Site "Chicago"]
[Date "1982.??.??"]
[Round "5"]
[White "Rose, J."]
[Black "Schiller, Eric"]
[Result "1/2-1/2"]
[WhiteElo "2305"]
[BlackElo "2215"]

1.Nf3 d5 2.g3 Nf6 3.Bg2 e6 4.O-O Be7 5.d4 O-O 6.c4 c5 7.cxd5 exd5 8.Nc3 Nc6
9.dxc5 Bxc5 10.Bg5 d4 11.Ne4 Be7 12.Nxf6+  1/2-1/2

[Event "Wch U20"]
[Site "Copenhagen"]
[Date "1982.??.??"]
[Round "6"]
[White "Sulava, Nenad"]
[Black "Arlandi, Ennio"]
[Result "1/2-1/2"]
[WhiteElo "2305"]
[BlackElo "2330"]

1.Nf3 d5 2.g3 c5 3.Bg2 Nc6 4.d4 e6 5.O-O Nf6 6.c4 dxc4 7.Na3 cxd4 8.Nxc4 Bc5
9.a3 a5 10.Bf4 O-O 11.Nfe5 Bd7 12.Rc1 Rc8 13.Nxd7 Nxd7 14.Nd6 e5 15.Nxc8 exf4
16.Bxc6 bxc6 17.b4 axb4 18.axb4 Bxb4 19.Na7 Bc5 20.Nxc6 Qf6 21.Qa4 fxg3 22.hxg3 h5
23.Na5 Qe7 24.Nb3 Bb6 25.Nxd4 Nf6 26.e3 Ng4 27.Nf5 Qe6 28.Qf4 Kh7 29.Rfd1 g6
30.Rd6 Qb3 31.Ne7 Qa3 32.Rcc6 Qa1+ 33.Kg2 Bxe3 34.Qe4 Qh1+ 35.Kxh1 Nxf2+
36.Kg2 Nxe4 37.Rd7 Nc5 38.Rdc7 Kh8 39.Kf3 Bg1 40.Rxc5 Bxc5 41.Rxc5 Kg7 42.Rc3 Ra8
43.Nc6 Ra1 44.Ne5 Kf6 45.Nd3 Kg7 46.Rc7 Ra3 47.Rd7 Ra1 48.Ne5 Rf1+ 49.Kg2 Rf5
50.Nc4 Kg8 51.Nd6 Rf6 52.Kg1 Rf3 53.Kh2 Rf1 54.Rd8+ Kh7 55.Rd7 Kg8 56.Kg2 Rf6
57.Ne4 Rf5 58.Kg1 Rf3 59.Rd8+ Kg7 60.Kg2 Re3 61.Rd4 Ra3 62.Rd7 Ra4 63.Kf3 Ra3+
64.Kf4 Ra4 65.Ke3 Ra3+ 66.Kf2 Ra2+ 67.Kf1 Ra4 68.Nf2 Kf8 69.Kg2 f5 70.Nd3 h4
71.Nf4 hxg3 72.Nxg6+ Ke8 73.Re7+ Kd8 74.Rf7 Rg4 75.Ne5 Rg5 76.Rh7 Kc8  1/2-1/2

[Event "Politiken Cup"]
[Site "Copenhagen"]
[Date "1982.??.??"]
[Round "9"]
[White "Cummings, David H"]
[Black "Ravikumar, Vaidyanathan"]
[Result "0-1"]
[WhiteElo "2305"]
[BlackElo "2395"]

1.Nf3 d5 2.g3 Nf6 3.Bg2 c6 4.O-O Bf5 5.d3 h6 6.Nbd2 e6 7.Qe1 Be7 8.e4 Bh7
9.Qe2 O-O 10.b3 a5 11.a4 Na6 12.Bb2 Re8 13.Kh1 Nc5 14.e5 Nfd7 15.Nd4 Na6
16.f4 Bc5 17.N2f3 Nf8 18.Bh3 Qd7 19.g4 Nc7 20.Qg2 Ba7 21.f5 c5 22.Nb5 Nxb5
23.axb5 Bb6 24.f6 g5 25.Qd2 Ng6 26.Bg2 Qxb5 27.Ra4 Rac8 28.h4 c4 29.Nxg5 hxg5
30.Qxg5 Kh8 31.h5 Rg8 32.hxg6 Rxg6 33.Qh5 Be3 34.g5 Bxg5 35.Bh3 Rcg8 36.Qf3 Rh6
37.Rg1 cxd3 38.cxd3 Qxd3 39.Qxd3 Bxd3 40.Rg3 Be4+ 41.Rxe4 dxe4 42.Kg2 Bf4
43.Rxg8+ Kxg8 44.Bc3 b6 45.Bg4 Rh2+ 46.Kf1 Rh1+ 47.Kf2 Rb1 48.Bd4 Rxb3 49.Be2 b5
50.Bc5 Bxe5 51.Bxb5 Rxb5  0-1

[Event "New Delhi"]
[Site "Delhi"]
[Date "1982.??.??"]
[Round "7"]
[White "Nasir Ali, Syed"]
[Black "Barua, Dibyendu"]
[Result "0-1"]
[WhiteElo "2375"]
[BlackElo "2375"]

1.Nf3 d5 2.g3 Nf6 3.Bg2 g6 4.O-O Bg7 5.d3 O-O 6.Nbd2 c5 7.e4 Nc6 8.exd5 Nxd5
9.Re1 b6 10.Nc4 Bb7 11.a3 Rb8 12.h4 Nd4 13.h5 Nxf3+ 14.Bxf3 b5 15.Nd2 Nf6
16.hxg6 hxg6 17.Qe2 Re8 18.a4 a6 19.axb5 axb5 20.Nb3 Bxf3 21.Qxf3 c4 22.dxc4 bxc4
23.Na5 Rc8 24.Ra4 c3 25.bxc3 Qd5 26.Qe2 Ra8 27.Bd2 Red8 28.Rd1 Rxa5 29.c4 Qh5
30.Qxh5 Rxh5 31.Ra3 Ng4 32.f3 Bd4+ 33.Kf1 Rh1+ 34.Ke2 Rh2+ 35.Ke1 Bf2+ 36.Kf1 Ne3+
37.Bxe3 Rxd1+ 38.Ke2 Re1+  0-1

[Event "New Delhi"]
[Site "Delhi"]
[Date "1982.??.??"]
[Round "11"]
[White "Nasir Ali, Syed"]
[Black "Hartston, William R"]
[Result "1/2-1/2"]
[WhiteElo "2375"]
[BlackElo "2460"]

1.Nf3 d5 2.g3 Nf6 3.Bg2 Bf5 4.O-O e6 5.d3 h6 6.Nbd2 c6 7.Qe1 Be7 8.e4 Bh7
9.Ne5 Nbd7 10.Nxd7 Nxd7 11.f4 O-O 12.Qe2 a5 13.Kh1 a4 14.f5 dxe4 15.dxe4 exf5
16.exf5 Re8 17.Nc4 a3 18.Qf3 axb2 19.Bxb2 Bf6 20.Rab1 Bxb2 21.Rxb2 Ne5 22.Nxe5 Rxe5
23.g4 Qe7 24.c4 h5 25.h3 hxg4 26.hxg4 Re8 27.Qf4 f6 28.Kh2 Re2 29.Rfb1 Rxb2
30.Rxb2 g5 31.Qg3 Kg7 32.Bf3 Qd7 33.Qf2 Bg8 34.Qb6 Re7 35.Qc5 Kh8 36.Kg2 Rh7
37.Re2 Qd1 38.Qg1 Qxg1+ 39.Kxg1 Bxc4 40.Re8+ Kg7 41.a4 Kh6 42.Rf8 Rf7 43.Rg8 Kh7
44.Rg6 c5 45.a5 Ba6 46.Bd5 Rf8 47.Kf2 c4 48.Ke3 c3 49.Bb3 Bb5 50.Kd4 Be8
51.Kxc3 Bxg6 52.fxg6+ Kxg6 53.Bd5 Rb8 54.Be4+ Kf7 55.Kb4 Ke6 56.Kb5 Ke5 57.Bg2 f5
58.gxf5 g4 59.Kb6 g3 60.Ka7 Rh8 61.Kxb7 Rh2 62.Bf3 Rf2 63.Bh1 Rb2+ 64.Kc6 Ra2
65.f6 Kxf6 66.Kb6 Rb2+ 67.Kc7 Rh2 68.Bf3 Rf2 69.Bh1 Rf1 70.Bg2 Rg1 71.Bf3 Rc1+
72.Kb7 Rf1 73.Bg2 Rf2 74.Bh1 Rb2+ 75.Kc7 Ke7 76.a6 Ra2 77.Kb7  1/2-1/2

[Event "Esbjerg"]
[Site "Esbjerg"]
[Date "1982.??.??"]
[Round "1"]
[White "Ost Hansen, Jacob"]
[Black "Nikolic, Predrag"]
[Result "1/2-1/2"]
[WhiteElo "2410"]
[BlackElo "2530"]

1.g3 d5 2.Nf3 Nf6 3.Bg2 c6 4.O-O Bf5 5.b3 e6 6.Bb2 h6 7.d3 Bc5 8.Nbd2 O-O
9.a3 a5 10.c4 Nbd7 11.Bc3 Qe7 12.b4 axb4 13.axb4 Bxb4 14.Bxb4 Qxb4 15.Rb1 Qd6
16.Rxb7 Nc5 17.Rb2 Na4 18.Rb3 d4 19.Qc2 e5 20.Ra1 Nc3 21.Rxa8 Rxa8 22.Nb1 Ra1
23.Bf1 Na4 24.Nfd2 Bg6 25.Qc1 e4 26.Ra3 Rxa3 27.Qxa3 Qxa3 28.Nxa3 exd3 29.exd3 c5
30.Nc2 Kf8 31.h3 Nd7 32.f4 Ke7 33.Be2 Nc3 34.Kf2 Nf8 35.Ne1 Bf5 36.Nb3 Kd6
37.h4 Nxe2 38.Kxe2 Bg4+ 39.Nf3 f6 40.Kf2 Ng6  1/2-1/2

[Event "Esbjerg-B"]
[Site "Esbjerg"]
[Date "1982.??.??"]
[Round "3"]
[White "Plaskett, Jim"]
[Black "Flear, Glenn C"]
[Result "0-1"]
[WhiteElo "2405"]
[BlackElo "2390"]

1.Nf3 d5 2.g3 Nf6 3.Bg2 c5 4.O-O Nc6 5.c4 d4 6.d3 e5 7.e3 Be7 8.exd4 exd4
9.Re1 O-O 10.Na3 Re8 11.Nc2 a5 12.h3 h6 13.g4 Ra6 14.a3 a4 15.Rb1 Bd6 16.b4 axb3
17.Rxb3 Na5 18.Rb1 Bd7 19.Bd2 Ba4 20.Rxe8+ Qxe8 21.Bxa5 Rxa5 22.Nfe1 b5 23.Qd2 Ra7
24.cxb5 Bxb5 25.Nf3 Bc6 26.Re1 Qa8 27.Nh4 Bxg2 28.Nxg2 Qf3 29.g5 hxg5 30.Qxg5 Qxd3
31.Nf4 Bxf4 32.Qxf4 Ra8  0-1

[Event "Esbjerg-B"]
[Site "Esbjerg"]
[Date "1982.??.??"]
[Round "10"]
[White "Berg, Klaus"]
[Black "Flear, Glenn C"]
[Result "0-1"]
[WhiteElo "2295"]
[BlackElo "2390"]

1.Nf3 d5 2.g3 Nf6 3.Bg2 c6 4.O-O Bf5 5.d3 e6 6.Nbd2 Be7 7.b3 h6 8.Bb2 O-O
9.c4 a5 10.a3 Bh7 11.Qc2 Na6 12.Rfc1 Re8 13.Bc3 Rc8 14.Qb2 Nc5 15.Bd4 Ncd7
16.b4 axb4 17.axb4 Bd6 18.c5 Bb8 19.Ne5 Nxe5 20.Bxe5 Bxe5 21.Qxe5 Ng4 22.Qf4 h5
23.d4 f6 24.e3 e5 25.Qf3 exd4 26.exd4 Bg6 27.b5 Ra8 28.h3 Nh6 29.Qf4 Nf7
30.bxc6 bxc6 31.Bf3 Ng5 32.Bg2 Rxa1 33.Rxa1 Qc8 34.Kh2 Re2 35.Ra2 Ne6 36.Qd6 Nxd4
37.Rb2 Nf5 38.Qf4 Qf8 39.Rb8 Re8 40.Rxe8 Qxe8 41.Nf3 Qe2 42.g4 hxg4 43.hxg4 Ne7
44.Qe3 Qxe3 45.fxe3 Be4 46.Nd4 Kf7 47.Bxe4 dxe4 48.Kg3 g5 49.Kf2 Ke8 50.Ne2 Nd5
51.Ng3 Nc3 52.Ke1 Ke7 53.Kd2 Na4 54.Nxe4 Ke6 55.Ke2 Ke5 56.Kf3 Nb2 57.Nf2 Nc4
58.Ne4 Ke6 59.Ke2 Ne5 60.Nf2 Kd5 61.Kd2 Nd7 62.Nd3 Nxc5 63.Nb4+ Kd6 64.Ke2 Nd7
65.Kf3 c5 66.Na2 Ne5+ 67.Kg3 Kd5 68.Nc3+ Kc4 69.Ne4 Nd7 70.Kf3 Kd3 71.Nf2+ Kd2
72.Ke4 Ke2 73.Nd3 c4 74.Nb4 c3 75.Kf5 Kd2 76.Ke6 c2 77.Na2 c1=Q 78.Nxc1 Kxc1  0-1

[Event "Gausdal Int"]
[Site "Gausdal"]
[Date "1982.??.??"]
[Round "4"]
[White "Braathen, Jon Erik"]
[Black "Carleson, Caspar"]
[Result "1/2-1/2"]
[WhiteElo "2235"]
[BlackElo "2255"]

1.Nf3 d5 2.g3 Nf6 3.Bg2 c6 4.O-O Bg4 5.d3 e6 6.Nbd2 Nbd7 7.e4 dxe4 8.Nxe4 Be7
9.Qe2 O-O 10.Bd2 Qb6 11.Rab1 Rad8 12.h3 Bh5 13.Nxf6+ Bxf6 14.g4 Bg6 15.g5 Be7
16.Nh4 Qb5 17.Nxg6 hxg6 18.Qg4 Qc5 19.Rbc1 Nb6 20.a3 Qe5 21.Rb1  1/2-1/2

[Event "Bundesliga 8182"]
[Site "Germany"]
[Date "1982.??.??"]
[Round "?"]
[White "Lobron, Eric"]
[Black "Hermann, Manfred"]
[Result "1-0"]
[WhiteElo "2440"]
[BlackElo "2365"]

1.Nf3 d5 2.g3 Nf6 3.Bg2 c6 4.O-O Bf5 5.c4 e6 6.b3 Be7 7.Bb2 O-O 8.d3 Nbd7
9.Nbd2 h6 10.Rc1 Re8 11.Rc2 Bf8 12.Qa1 a5 13.a3 e5 14.cxd5 cxd5 15.Nxe5 Nxe5
16.Bxe5 Ng4 17.Bc7 Qe7 18.Nb1 Qd7 19.Qd4 Rac8 20.Rfc1 Nf6 21.Bxa5 Rxc2 22.Rxc2 Qb5
23.Qa4 Qxa4 24.bxa4 Bd7 25.Rb2 Bxa4 26.Bc3 Bc6 27.Bxf6 gxf6 28.d4 Ra8 29.e3 Kg7
30.Rb3 Ra5 31.Bf3 Be7 32.Kg2 f5 33.h4 Kf6 34.Nc3 Ke6 35.a4 Bf6 36.h5 Be7
37.Be2 Bd6 38.Bb5 Kd7 39.Kf3 Kc7 40.Rb1 Kd7 41.Ke2 Kc7 42.Bd3 Bd7 43.Nb5+ Bxb5
44.axb5 Kb6 45.Kf3 Be7 46.Rc1 Ra8 47.Bxf5 Ba3 48.Rb1 Bd6 49.Bd3 Ra3 50.Be2 Ra8
51.Kg2 Be7 52.Rb2 Rc8 53.Bf3 Rd8 54.Rc2 Ba3 55.Be2 Bd6 56.Kh3 Be7 57.Bg4 Bb4
58.Rc8 Rxc8 59.Bxc8 Kc7 60.Bf5 Kd6 61.g4 Ke7 62.Bc8 b6 63.Bb7 Ke6 64.g5 hxg5
65.Kg4 Be7 66.h6 f5+ 67.Kh5 Kf6 68.Bxd5 g4 69.e4 fxe4 70.Bxe4 Bf8 71.h7 Bg7
72.Kxg4 Ke6 73.d5+ Ke5 74.f4+ Kf6 75.f5  1-0

[Event "Bundesliga 8182"]
[Site "Germany"]
[Date "1982.??.??"]
[Round "?"]
[White "Haakert, Juergen"]
[Black "Gergs, Wolfgang"]
[Result "1-0"]
[WhiteElo "2305"]
[BlackElo "2240"]

1.Nf3 d5 2.g3 Nf6 3.Bg2 c6 4.O-O Bf5 5.b3 h6 6.Bb2 e6 7.d3 Be7 8.Nbd2 O-O
9.c4 Nbd7 10.Rc1 Ne8 11.Rc2 Bf6 12.Qa1 Bxb2 13.Qxb2 Nef6 14.b4 a6 15.cxd5 exd5
16.Nd4 Bh7 17.N2b3 Re8 18.Rb1 Rc8 19.Qc1 Qe7 20.Nc5 Rc7 21.Qf4 Qe5 22.Qxe5 Rxe5
23.a4 Kf8 24.Bh3 Ke8 25.b5 Nxc5 26.Rxc5 axb5 27.axb5 Nd7 28.b6 Rc8 29.Ra5 Rb8
30.f4 Re7 31.Kf2 Kd8 32.Bxd7 Kxd7 33.Rc1 Ree8 34.Nb3 Kd6 35.Nc5 f5 36.Ra7 Re7
37.d4 Bg6 38.Rca1 Bf7 39.Ra8 Rxa8 40.Rxa8 Bg6 41.Rd8+  1-0

[Event "Bundesliga 8182"]
[Site "Germany"]
[Date "1982.??.??"]
[Round "?"]
[White "Dankert, Peter"]
[Black "Gergs, Wolfgang"]
[Result "1-0"]
[WhiteElo "2380"]
[BlackElo "2240"]

1.Nf3 d5 2.g3 Nf6 3.Bg2 c6 4.b3 Bf5 5.Bb2 e6 6.O-O h6 7.d3 Nbd7 8.Nbd2 Be7
9.c4 O-O 10.Rc1 a5 11.a3 Bh7 12.Rc2 Nc5 13.Qa1 b5 14.cxd5 cxd5 15.Rfc1 Qb6
16.Bd4 Rfc8 17.Qb2 b4 18.a4 Rc7 19.Be5 Rcc8 20.Qd4 Qa7 21.h3 Nfd7 22.Bxg7 h5
23.Ne5 Qb7 24.Qf4 f6 25.Nxd7 Nxd7 26.Bh6 Ne5 27.Nf3 Rxc2 28.Rxc2 Ng6 29.Qc7 Ra7
30.Qc8+ Kf7 31.Nd4 Qxc8 32.Rxc8 Ne5 33.Be3 Ra6 34.f4 Nd7 35.f5 Bxf5 36.Nxf5 exf5
37.Bxd5+ Kg7 38.Rc7 Rd6 39.Bc4 Bd8 40.Rb7 Kf8 41.Bh6+ Ke7 42.Kg2 Rc6 43.Bf4 Rc5
44.Bb5 Rd5 45.Bc6 Rd4 46.Be3  1-0

[Event "Bundesliga 8182"]
[Site "Germany"]
[Date "1982.??.??"]
[Round "?"]
[White "Backwinkel, Paul"]
[Black "Spassky, Boris V"]
[Result "1/2-1/2"]
[WhiteElo "2275"]
[BlackElo "2630"]

1.Nf3 d5 2.g3 c6 3.Bg2 Bf5 4.b3 e6 5.Bb2 Nf6 6.O-O Be7 7.d3 O-O 8.Nbd2 h6
9.c4 a5 10.a3 Na6 11.Ra2 Bh7 12.Qa1 Re8 13.Bc3 b5 14.cxb5 cxb5 15.Bd4 Rc8
16.Rc1 Qd6 17.Rac2 Rxc2 18.Rxc2 Qxa3 19.Ra2  1/2-1/2

[Event "Bundesliga 8182"]
[Site "Germany"]
[Date "1982.??.??"]
[Round "?"]
[White "Siegel, Georg"]
[Black "Goehring, Karl Heinz"]
[Result "1/2-1/2"]
[WhiteElo "2305"]
[BlackElo "2365"]

1.Nf3 d5 2.g3 c6 3.Bg2 Bf5 4.d3 e6 5.O-O Nf6 6.b3 Be7 7.Bb2 O-O 8.Nbd2 h6
9.Ne5 Nbd7 10.e4 Bh7 11.Nxd7 Nxd7 12.Qe2 a5 13.a4 Nc5 14.Kh1 Re8 15.f4 Bf8
16.Qf2 Qc7 17.Be5 Qe7 18.Bd4 b6 19.Rae1 Qc7 20.f5 e5 21.Bb2 dxe4 22.Nxe4 f6
23.g4 Rad8 24.Bc1 Nxe4 25.Bxe4 Bc5 26.Qg2 Rd6 27.h4 Rf8 28.Rf3 Kh8 29.Ref1 Bg8
30.c4 Bf7 31.Rg3 Be8 32.g5 fxg5 33.hxg5 Qe7 34.g6 Kg8 35.Bg5 Qc7 36.f6 hxg5
37.f7+ Bxf7 38.Rxf7 Rxf7 39.Qh3 Rf4 40.Rxg5 Rdf6 41.Qh7+ Kf8 42.Qh8+ Ke7
43.Qxg7+ Kd6 44.Qxc7+ Kxc7 45.g7 Rf8 46.gxf8=Q Rxf8 47.Rxe5 Rf1+ 48.Kg2 Rb1
49.Re6 Rb2+ 50.Kf3 Bd6 51.Rh6 Rxb3 52.Rh7+ Kd8 53.Kg4 Bc5 54.Rh6 Ra3 55.d4 Bxd4
56.Rd6+ Kc7 57.Rxd4 Rxa4 58.Bd3 Rb4 59.Kf5 a4 60.Ke5 a3 61.Rh4 b5 62.Kd4 a2
63.Rh1  1/2-1/2

[Event "Halle (Women)"]
[Site "Halle"]
[Date "1982.??.??"]
[Round "?"]
[White "Reicher, Emanoil"]
[Black "Jahn, Constanze"]
[Result "1/2-1/2"]
[WhiteElo "2285"]
[BlackElo "1980"]

1.Nf3 d5 2.g3 Nc6 3.Bg2 e5 4.d3 Nf6 5.O-O Bc5 6.c3 Bb6 7.Na3 Be6 8.Nc2 a5
9.d4 e4 10.Ng5 Bd7 11.f3 h6 12.Nh3 O-O 13.Nf2 exf3 14.exf3 Ne7 15.Nd3 Ng6
16.Be3 Re8 17.Re1 c6 18.Qd2 Bf5 19.Bf2 h5 20.Rxe8+ Nxe8 21.Re1 Nd6 22.b3 a4
23.Ncb4 f6 24.Nc5 axb3 25.axb3 Bxc5 26.dxc5 Nf7 27.f4 Qd7 28.Bd4 Nh6 29.Bf3 h4
30.Nd3 hxg3 31.hxg3 Kf7 32.Nf2 Ng4  1/2-1/2

[Event "Halle-Buna"]
[Site "Halle"]
[Date "1982.??.??"]
[Round "3"]
[White "Espig, Lutz"]
[Black "Dietze, Wolfgang"]
[Result "1-0"]
[WhiteElo "2425"]
[BlackElo "2320"]

1.Nf3 d5 2.g3 Nf6 3.Bg2 c6 4.O-O g6 5.d3 Bg7 6.Nbd2 O-O 7.e4 dxe4 8.dxe4 Na6
9.Qe2 Qc7 10.Nc4 Be6 11.Bf4 Qc8 12.Rfd1 Nc5 13.Nfe5 Nfd7 14.Nxd7 Nxd7 15.c3 b5
16.Na5 Ne5 17.Nb3 Bc4 18.Qc2 Be6 19.Nd4 Bg4 20.f3 Bd7 21.Bg5 c5 22.Nb3 c4
23.Nd4 f6 24.Be3 a5 25.Bf1 Nf7 26.Qf2 e5 27.Nc2 Be6 28.a4 bxa4 29.Rxa4 Qc6
30.Rda1 Rfb8 31.Rxa5 Rxa5 32.Rxa5 Bf8 33.Na3 Rd8 34.Qe2 Bh6 35.Rc5 Qb6 36.Bf2 Qa6
37.Nxc4 Qa1 38.Ra5 Qc1 39.Bc5 Bh3 40.Kf2 Be6 41.Qe1 Qc2+ 42.Qe2 Qb3 43.Ra3 Qb5
44.b4 Bf8 45.Be3 Qc6 46.Nd2 Nd6 47.Qa6 Qe8 48.Qa4 Qf7 49.Qa7 Rd7 50.Qa8 f5
51.Ra7 f4 52.gxf4 exf4 53.Bd4 Nb7 54.Qb8 g5 55.Qe5 Qg6 56.Qxe6+ Qxe6 57.Bc4 Qxc4
58.Nxc4 Bxb4 59.Ne5 Bxc3 60.Bxc3  1-0

[Event "Hamar op"]
[Site "Hamar"]
[Date "1982.??.??"]
[Round "6"]
[White "Thorsteinsson, Thorsteinn"]
[Black "Johansen, Svein Age"]
[Result "1/2-1/2"]
[WhiteElo "2200"]
[BlackElo "2200"]

1.Nf3 d5 2.g3 c5 3.Bg2 Nc6 4.O-O e5 5.d3 Be7 6.e4 dxe4 7.dxe4 Qxd1 8.Rxd1 Bg4
9.c3 Nf6 10.Re1 h6 11.Nbd2 Be6 12.Bf1 a6 13.a4 Nd7 14.Bc4 Bg4 15.Bd5 Na5
16.Kg2 Rc8 17.Nc4 Nxc4 18.Bxc4 Bxf3+ 19.Kxf3 Nb6 20.Bd5 Nxd5 21.exd5 Bd6
22.c4 O-O 23.Bd2 f5 24.Bc3 Rce8 25.Kg2 g5 26.f3 Kh7 27.Rab1 Rf7 28.b4 e4
29.fxe4 fxe4 30.bxc5 Bxc5 31.Bb4 Bxb4 32.Rxb4 e3 33.d6 Re4 34.Rb3 Rd4 35.Rexe3 Rxd6
36.Re2 Rc6 37.Re4 Rfc7 38.Rb4 a5 39.Rb5 b6 40.c5 bxc5 41.Rc4  1/2-1/2

[Event "Hamburg TV-B"]
[Site "Hamburg"]
[Date "1982.??.??"]
[Round "4"]
[White "Lobron, Eric"]
[Black "Timman, Jan H"]
[Result "0-1"]
[WhiteElo "2470"]
[BlackElo "2600"]

1.Nf3 d5 2.g3 c6 3.Bg2 Bg4 4.c4 e6 5.O-O Nd7 6.d3 Bd6 7.Nc3 Ngf6 8.e4 dxc4
9.dxc4 Ne5 10.b3 Bb4 11.Qxd8+ Rxd8 12.Nxe5 Bxc3 13.Bf4 Be2 14.Rfc1 Bxa1 15.Rxa1 Rd1+
16.Rxd1 Bxd1 17.c5 Nd7 18.Nc4 Nxc5 19.Nd6+ Ke7 20.e5 f6 21.Be3 b6 22.Bxc6 fxe5
23.Nc4 Rc8 24.Nxe5 Kd6 25.Bxc5+ Kxe5  0-1

[Event "Hastings8283"]
[Site "Hastings"]
[Date "1982.??.??"]
[Round "?"]
[White "Littlewood, Paul E"]
[Black "Kovacevic, Vlatko"]
[Result "1-0"]
[WhiteElo "2465"]
[BlackElo "2560"]

1.Nf3 d5 2.g3 c6 3.Bg2 Bg4 4.c4 Nd7 5.cxd5 cxd5 6.Qa4 Nf6 7.Nc3 e6 8.Ne5 Bf5
9.g4 Bc2 10.Qxc2 Nxe5 11.g5 Nfd7 12.d4 Nc6 13.Be3 Rc8 14.h4 Nb6 15.Rd1 Bd6
16.Kf1 a6 17.Bc1 f5 18.gxf6 Qxf6 19.e4 Nxd4 20.Qd3 Nb5 21.exd5 Nxc3 22.Bg5 Qf5
23.dxe6 Qxd3+ 24.Rxd3 Nb5 25.Bxb7 Rc2 26.Bxa6 O-O 27.Bxb5 Rfxf2+ 28.Ke1 Rce2+
29.Kd1 Rxe6 30.Rd2 Rf8 31.Re2 Be5 32.Kc2 h6 33.Bd2 Rc8+ 34.Kb1 Rc5 35.a4 Kf7
36.Rhe1 Rd5 37.Bf4 Kf6 38.Ka2 g5 39.hxg5+ hxg5 40.Bxe5+ Rdxe5 41.Rxe5 Rxe5
42.Rxe5 Kxe5 43.a5 Nc8 44.Be2 Na7 45.Kb3 Nc6 46.Bf3 Nd4+ 47.Kc4 Nxf3 48.a6 g4
49.a7 g3 50.a8=Q g2 51.Qxf3 g1=Q 52.Qd5+ Kf6 53.Qd4+  1-0

[Event "EUchT qual"]
[Site "Luzern"]
[Date "1982.??.??"]
[Round "3"]
[White "Lobron, Eric"]
[Black "Bleiman, Yaacov"]
[Result "1-0"]
[WhiteElo "2440"]
[BlackElo "2460"]

1.Nf3 d5 2.g3 e6 3.Bg2 Nf6 4.O-O Be7 5.d3 O-O 6.Nbd2 c5 7.e4 Nc6 8.e5 Nd7
9.Re1 b5 10.h4 Qc7 11.Qe2 b4 12.Nf1 a5 13.Bf4 Ba6 14.Ne3 Rfc8 15.Ng5 Bxg5
16.hxg5 Nf8 17.Qh5 Qd8 18.Kh2 Ra7 19.Rh1 Nd4 20.Kg1 Nxc2 21.Nxc2 Bxd3 22.Qd1 Bg6
23.Bf1 d4 24.Bc4 d3 25.Ne3 Qd4 26.b3 Be4 27.Ng4 Bxh1 28.Kxh1 Rd7 29.a4 Ng6
30.Be3 Qe4+ 31.f3 Qf5 32.f4 Qe4+ 33.Kh2 Ne7 34.Qh1 Qg6 35.Qf3 Nf5 36.Kg2 Nd4
37.Bxd4 Rxd4 38.Rd1 Rcd8 39.Rd2 Qf5 40.Nf2 Rxc4 41.bxc4 h6 42.Rxd3 Rxd3 43.Qxd3 Qxd3
44.Nxd3 b3 45.gxh6 gxh6 46.Kh3  1-0

[Event "Luzern ol (Men)"]
[Site "Luzern"]
[Date "1982.??.??"]
[Round "5"]
[White "Skalkotas, Nikolaos"]
[Black "Onat, Ilhan"]
[Result "0-1"]
[WhiteElo "2355"]
[BlackElo "2330"]

1.Nf3 d5 2.g3 c6 3.Bg2 Nf6 4.O-O Bg4 5.c4 e6 6.b3 Nbd7 7.Bb2 Bd6 8.d4 O-O
9.Nbd2 a5 10.Ne5 Bh5 11.Qe1 a4 12.Nd3 axb3 13.axb3 Rxa1 14.Bxa1 Qa5 15.e4 Nxe4
16.Nxe4 Qxe1 17.Rxe1 dxe4 18.Bxe4 Nf6 19.Bg2 Ra8 20.Bb2 Ra2 21.d5 exd5 22.cxd5 Nxd5
23.Bxd5 cxd5 24.Re8+ Bf8 25.Bc3 f6 26.Rb8 Re2 27.Nf4 Re8 28.Rxb7 Bf3 29.Rd7 Rb8
30.Nxd5 Rxb3 31.Be1 Bxd5 32.Rxd5 Rb1 33.Kf1 Bb4 34.Rd8+ Kf7 35.Rd7+ Kg6  0-1

[Event "Luzern ol (Men)"]
[Site "Luzern"]
[Date "1982.??.??"]
[Round "5"]
[White "Quendro, Llambi"]
[Black "Bellon Lopez, Juan Manuel"]
[Result "1-0"]
[WhiteElo "2235"]
[BlackElo "2395"]

1.Nf3 d5 2.g3 c6 3.Bg2 Bf5 4.d4 Nd7 5.b3 e6 6.O-O Ngf6 7.Bb2 Be7 8.Nbd2 h6
9.c4 O-O 10.Ne5 Bh7 11.e3 Nxe5 12.dxe5 Nd7 13.e4 d4 14.Bxd4 Qa5 15.Qc2 Nxe5
16.Bc3 Bb4 17.Bxb4 Qxb4 18.Nf3 Nxf3+ 19.Bxf3 Rfd8 20.Rfd1 e5 21.c5 Rd5 22.Rxd5 cxd5
23.a3 Qa5 24.b4 Qa6 25.Bg2 Rd8 26.a4 d4 27.b5 Qa5 28.Bf1 Qb4 29.c6 bxc6 30.bxc6 Rc8
31.c7 Qd6 32.Rc1 Qa3 33.Qc5 Qf3 34.Bg2 Qf6 35.Qd5 Qg5 36.f4 exf4 37.Qd7  1-0

[Event "Luzern ol (Men)"]
[Site "Luzern"]
[Date "1982.??.??"]
[Round "6"]
[White "Abreu, Jorge D"]
[Black "Ivanov, Igor V"]
[Result "0-1"]
[WhiteElo "2330"]
[BlackElo "2505"]

1.Nf3 d5 2.g3 Nf6 3.Bg2 c6 4.O-O Bg4 5.Ne5 Bh5 6.d4 Nbd7 7.c4 e6 8.cxd5 exd5
9.Nd3 Be7 10.Nc3 O-O 11.Nf4 Bg6 12.Nxg6 hxg6 13.Qc2 Re8 14.Bf4 Nf8 15.Rad1 Ne6
16.Be3 Qa5 17.a3 Rad8 18.Bc1 Bf8 19.Rfe1 b5 20.Nb1 Qb6 21.e3 a5 22.b3 c5
23.dxc5 Bxc5 24.Nd2 d4 25.Nf3 Ng4 26.exd4 Bxd4 27.Rd2 Rc8 28.Nxd4 Rxc2 29.Nxc2 Rc8
30.Ree2 Nc5 31.Bh3 f5 32.Bxg4 fxg4 33.Re3 Qf6 34.Kg2 Ne6 35.Rde2 Ng5 36.Re8+ Kh7
37.Bxg5 Qf3+ 38.Kg1 Rxc2 39.Rxc2 Qd1+ 40.Kg2 Qxc2 41.Re3 Qc6+ 42.Kg1 Qc1+
43.Kg2 Qxa3 44.Bf4 Qc5 45.Be5 Qc6+ 46.Kg1 Qc1+ 47.Kg2 a4 48.bxa4 bxa4 49.Bc3 a3
50.Be5 a2 51.Bc3 g5 52.Be5 Kg6 53.Bc3 Qb1 54.Bd4 Qb5 55.Kg1 Qb4 56.Be5 Kf5
57.Kg2 Qb5 58.Ba1 Qd5+  0-1

[Event "Luzern ol (Men)"]
[Site "Luzern"]
[Date "1982.??.??"]
[Round "6"]
[White "Ost Hansen, Jacob"]
[Black "Schumacher, Helmut"]
[Result "1/2-1/2"]
[WhiteElo "2410"]
[BlackElo "2240"]

1.g3 d5 2.Nf3 Nf6 3.Bg2 Bf5 4.O-O e6 5.d3 Be7 6.c4 c6 7.b3 h6 8.Bb2 Nbd7
9.Nbd2 O-O 10.Qc2 a5 11.a3 Bh7 12.Bc3 Bd6 13.Qb2 Qe7 14.Ne5 Nxe5 15.Bxe5 Bxe5
16.Qxe5 b5 17.Rfc1 Rfc8 18.Nf3 Nd7 19.Qc3 b4 20.axb4 axb4 21.Qb2 Qf6 22.Qxf6 gxf6
23.Rxa8 Rxa8 24.Nd4 Ra2 25.Nxc6 dxc4 26.dxc4 Rxe2 27.Nxb4 Ne5 28.Bf1 Rb2
29.Rc3  1/2-1/2

[Event "Luzern ol (Men)"]
[Site "Luzern"]
[Date "1982.??.??"]
[Round "6"]
[White "Chaivichit, Suchart"]
[Black "Dienavorian, Manuel"]
[Result "0-1"]
[WhiteElo "2330"]
[BlackElo "2265"]

1.Nf3 d5 2.g3 Nf6 3.Bg2 Bf5 4.c4 c6 5.O-O e6 6.b3 Be7 7.Bb2 h6 8.d3 O-O 9.Nbd2 a5
10.h3 Na6 11.Ne5 a4 12.e4 a3 13.Bc3 d4 14.Bxd4 Bxe4 15.Ndf3 Bh7 16.Qe2 Bc5
17.Bc3 Qb6 18.Ng4 Nxg4 19.hxg4 Be7 20.Rad1 Rad8 21.d4 Rfe8 22.c5 Qa7 23.Ba5 Rc8
24.Bb6 Qb8 25.Ne5 Qa8 26.Rfe1 Nc7 27.f4 Bf6 28.Qe3 Nd5 29.Bxd5 exd5 30.f5 Bg5
31.Qd3 Re7 32.Nf3 Rce8 33.Rxe7 Rxe7 34.Re1 Qe8 35.Rxe7 Qxe7 36.Kf2 g6 37.Ba5 Kg7
38.Bd2 Bxd2 39.Qxd2 gxf5 40.g5 hxg5 41.Nxg5 Bg6 42.Nf3 Qe4 43.Ne5 Qh1 44.Nf3 Qb1
45.Ke3 f4+ 46.gxf4 Qb2 47.Ne5 Be4 48.Nd3 Qxd2+ 49.Kxd2 Bxd3 50.Kxd3 Kg6 51.Ke3 Kh5
52.Kf3 Kh4 53.f5 Kg5 54.f6 Kf5 55.b4 Kxf6 56.Kf4 Kg6 57.Ke5 f5 58.Kd6 f4
59.Kc7 f3 60.Kxb7 f2 61.Kxc6 f1=Q 62.b5 Qc4 63.b6 Qxa2 64.Kb7 Qc4 65.c6 a2
66.c7 a1=Q  0-1

[Event "Luzern ol (Men)"]
[Site "Luzern"]
[Date "1982.??.??"]
[Round "14"]
[White "Hebert, Jean"]
[Black "Nogueiras, Jesus"]
[Result "1/2-1/2"]
[WhiteElo "2425"]
[BlackElo "2495"]

1.Nf3 d5 2.g3 b6 3.Bg2 Bb7 4.O-O Nf6 5.b3 g6 6.Bb2 Bg7 7.c4 e6 8.e3 O-O 9.Qe2 Nbd7
10.Rd1 c5 11.cxd5 exd5 12.d4 Re8 13.Nc3 a5 14.Rac1 Qb8 15.Qc2 Bc6 16.a4 Qb7
17.Qe2 Rad8 18.Nb5 Ne4 19.Nd2 Qb8 20.Nxe4 dxe4 21.Bh3 Bxb5 22.Qxb5 Nf8 23.Ba1 cxd4
24.Bxd4 Bxd4 25.Rxd4 Rxd4 26.exd4 e3 27.fxe3 Rxe3 28.Kf2 Re7 29.Rc6 Qd8 30.Qxb6 Qd5
31.Bg2 Qg5 32.Bf1 Qe3+ 33.Kg2 Nd7 34.Rc8+ Kg7 35.Qxa5 Qe4+ 36.Kg1 Qxd4+ 37.Kg2 Qe4+
38.Kf2 Qe3+ 39.Kg2 Qe4+ 40.Kf2 Qe3+  1/2-1/2

[Event "Marbella zt-A"]
[Site "Marbella"]
[Date "1982.??.??"]
[Round "8"]
[White "Doyle, Anthony"]
[Black "Fernandez Garcia, Jose L"]
[Result "0-1"]
[WhiteElo "2235"]
[BlackElo "2405"]

1.Nf3 d5 2.g3 Nf6 3.Bg2 e6 4.O-O c5 5.c4 Nc6 6.d4 dxc4 7.Qa4 Bd7 8.Qxc4 b5
9.Qd3 Rc8 10.dxc5 Bxc5 11.Nc3 b4 12.Ne4 Nxe4 13.Qxe4 O-O 14.Rd1 Qe7 15.Bg5 f6
16.Bh3 Kh8 17.Be3 Bxe3 18.Qxe3 f5 19.Ne5 Nxe5 20.Qxe5 Be8 21.Rac1 Bf7 22.f4 Qb7
23.Rxc8 Rxc8 24.Bg2 Qb6+ 25.Qd4 Rd8  0-1